| 000 | 00560nam a2200205Ia 4500 | ||
|---|---|---|---|
| 003 | OSt | ||
| 005 | 20230320145345.0 | ||
| 008 | 210423s2007 xx 000 0 und d | ||
| 040 | _cAL | ||
| 041 | _aeng | ||
| 082 |
_a547.28 _223 _bHOLL |
||
| 100 |
_aHOLLAWAY (Leonard). _949814 |
||
| 245 | _aHand book of polymer composites for engineers. | ||
| 260 |
_aEngland _bWoodhead Publishing Ltd _c2007 |
||
| 300 | _axi,338 | ||
| 365 |
_b1295 _cINR |
||
| 650 |
_aOrganic Chemistry _949815 |
||
| 906 | _acomposites ; engineers. ; Hand ; polymer | ||
| 942 |
_2ddc _cBK |
||
| 999 |
_c153809 _d153809 |
||